• 首页
  • 本馆介绍
  • 公告通知
  • 最新文献
  • 馆藏检索
  • 电子资源
  • 读者导购
  • 参考咨询
  • 我的图书馆
  • 登录
  • 详细信息显示
  • 放入我的书架
  • 预约/预借图书
  • 作者相关作品
  • 分类相关作品
  • 丛书相关作品
  • 出版社相关作品

书目信息

  • 表格格式
  • 工作单格式
  • 卡片格式
题名:
中国电影文化史
    
 
作者: 李道新 著
分册:  
出版信息: 北京   北京大学出版社  2005
页数: 676页
开本: 25cm
丛书名:
单 册:
中图分类: J909.2
科图分类:
主题词: 电影史--中国--1905~2004 , 电影史
电子资源:
ISBN: 7-301-08438-2
000 00823nam0 2200241 450
001 002867516
005 20061101084503.54
010    @a7-301-08438-2@dCNY68.00
100    @a20050520d2005 em y0chiy0110 ea
101 0  @achi
102    @aCN@b110000
105    @aa z 001yy
200 1  @a中国电影文化史@9zhong guo dian ying wen hua shi@e1905~2004@f李道新著
210    @a北京@c北京大学出版社@d2005
215    @a676页@c照片@d25cm
330    @a本书以中国电影百年(1905~2004)发展历程为观照对象,整合中国内地、台湾和香港电影的整体面貌,把中国电影划分为四个历史时段进行分析和研究,
510 1  @aHistory of Chinese Film Culture@zeng
606 0  @a电影史@y中国@z1905~2004
606 0  @a电影史
690    @aJ909.2@v4
701  0 @a李道新@9li dao xin@f(1966.9~)@4著
801  0 @aCN@bNLC@c20061101
905    @a10447@dJ909.2@e129
    
    中国电影文化史:1905~2004/李道新著.-北京:北京大学出版社,2005
    676页:照片;25cm
    
    
    ISBN 7-301-08438-2:CNY68.00
    本书以中国电影百年(1905~2004)发展历程为观照对象,整合中国内地、台湾和香港电影的整体面貌,把中国电影划分为四个历史时段进行分析和研究,
●
相关链接 在E读中查询图书 在五车中查询图书 在当当中查询图书 在豆瓣中查询图书


正题名:中国电影文化史     索取号:J909.2/129         预约/预借

序号 登录号 条形码 馆藏地/架位号 状态 备注
1 0386488   203864880   第一样本阅览室/ [索取号:J909.2/129] 在馆    
2 0386489   203864899   第一借阅区/ [索取号:J909.2/129] 在馆    
3 0386490   203864906   第一借阅区/ [索取号:J909.2/129] 在馆    
唐山师范学院图书馆 欢迎您!
大连网信软件有限公司© 版权所有